Psychology / (Record no. 1887)

MARC details
000 -LEADER
Fixed length control field 00430nam a2200169 4500
003 - CONTROL NUMBER IDENTIFIER
Control field SEACOMEC
005 - DATE AND TIME OF LATEST TRANSACTION
Control field 20241213141243.0
008 - FIXED-LENGTH DATA ELEMENTS--GENERAL INFORMATION
Fixed length control field 241213b |||||||| |||| 00| 0 eng d
020 ## - INTERNATIONAL STANDARD BOOK NUMBER / ISBN
International Standard Book Number 978-0205324040
Price 395.00
040 ## - CATALOGING SOURCE
Original cataloging agency SEACOMEC
082 ## - DEWEY DECIMAL CLASSIFICATION NUMBER
Classification number 151.4
Book Number B265
100 ## - MAIN ENTRY--PERSONAL NAME
Personal name Baron Robert A.
245 ## - TITLE STATEMENT
Title Psychology /
Statement of responsibility Robert A. Baron
250 ## - EDITION STATEMENT
Edition statement 5th ed
260 ## - IMPRINT
Place of publication New Delhi
Name of publisher Pearson Education India
Date of publication 2007
942 ## - ADDED ENTRY ELEMENTS (KOHA)
Koha item type Books
Holdings
Withdrawn status Lost status Source of classification Damaged status Not for loan Home library Current library Date acquired Total Checkouts Call number Accession number Date last seen Price effective from Koha item type Copy number
    Dewey Decimal Classification     SEACOM ENGINEERING COLLEGE SEACOM ENGINEERING COLLEGE 18/04/2008   151.4 B265 10952 13/12/2024 13/12/2024 Books  
    Dewey Decimal Classification     SEACOM ENGINEERING COLLEGE SEACOM ENGINEERING COLLEGE 18/04/2008   151.4 B265 10953 13/12/2024 13/12/2024 Books 1
© Seacom Engineering College, All rights reserved.      Powered by Koha